000 00981nam a2200253Ia 4500
003 OSt
005 20221005112318.0
006 a|||||r|||| 00| 0
007 ta
008 221004b |||||||| |||| 00| 0 pan d
020 _a9788178563398 (hbk)
_c200
024 _a2756
037 _b701, 21/01/2013, Bright Book Service
_cTextual
040 _aCRL
_cCRL
_bpan
041 _2pan
_apan
082 _aO153,1NMAx, Q2
100 _aਘਣੀਆਂ, ਸੁਰਿੰਦਰਪ੍ਰੀਤ, ਥਦ.
_9160935
245 0 _aਰੁਪਿੰਦਰ ਮਾਨ
_b F॥ਸੀਅਤ ਅਤੇ ਚੋਣਵੀ੍ਵ ਰਚਨਾ
260 _aਅੰਮ੍ਰਿਤਸਰ
_bਵਾਰਿਸ Fਾਹ ਭਾਰਤ
_c2012
300 _a160ਪੰ
_ccm.
650 _aਪੰਜਾਬੀ ਸਾਹਿਤ
942 _hO153,1NMAx, Q2
_cTEXL
_2cc
999 _c1024517
_d1024517